| 000 | 00670nam a2200229 a 4500 | ||
|---|---|---|---|
| 003 | DO-SdBNP | ||
| 005 | 20220901124733.0 | ||
| 007 | ta | ||
| 008 | 220831b200? dr ||||frd||| 00| 0 spa d | ||
| 020 | _a9993444383 | ||
| 040 |
_aDO-SdBNP _bspa _cBNPHU |
||
| 082 | 4 |
_222 _bD545j |
|
| 245 | 0 | 0 |
_aDiccionario jurídico. / _cCompilador, Salvador Potentini |
| 260 |
_aMoca, República Dominicana : _bDalis _c[200?] |
||
| 300 |
_a692 p. ; _c22 cm. |
||
| 500 | _aIncluye abreviaturas | ||
| 590 | _aInventariado 2022 / MF | ||
| 650 | 4 |
_944145 _aDerecho _vDiccionario _zRepública Dominicana |
|
| 700 |
_967426 _aPotentini, Salvador _eed. |
||
| 910 | _aMFeliz | ||
| 942 |
_2ddc _cLBS1 |
||
| 999 |
_c52349 _d52349 |
||